Los guardianes / (Registro nro. 8859)

Detalles MARC
000 -LIDER
fixed length control field 01176cam a2200361 a 4500
001 - NÚMERO DE CONTROL
Identificador de número de control 000003757
003 - IDENTIFICACDOR DE NÚMERO DE CONTROL
control field DO-SdBNP
005 - DATE AND TIME OF LATEST TRANSACTION
control field 20180205120746.0
008 - ELEMENTOS DE LONGITUD FIJA
fixed length control field 691223s1987 sp 000 f spa d
010 ## - NUMERO DE CONTROL DE BIBLIOTECA DEL CONGRESO
LC control number 000003757
020 ## - ISBN
International Standard Book Number 8420459992
040 ## - FUENTE DE CATALOGACIÓN
Agencia que crea de manera original el registro BPMSU
Idioma de catalogación spa
Agencia que realiza la transcripción BPMSU
041 17 - CÓDIGOS DE OBRAS TRADUCIDAS O EN VARIOS IDIOMAS
Código del idioma del texto/archivo de sonido o separata spa
082 #4 - NÚMERO DE CLASIFICACIÓN DECIMAL DE DEWEY
Classification number 823.914
Item number C556g, 1987
100 1# - ASIENTO PRINCIPAL -- NOMBRE PERSONAL
Nombre personal Christopher, John.
Forma completa del nombre (John Christopher Wells),
Fechas asociadas con el nombre 1939-
240 14 - TITULO UNIFORME
Título uniforme The guardians.
Idioma de una obra español
245 14 - MENCIÓN DE TITULO
Título Los guardianes /
Mención de responsabilidad John Christopher ; traducción, Antonio Prometeo Moya.
260 ## - PUBLICACIÓN, DISTRIBUCIÓN, ETC. (PIE DE IMPRENTA)
Lugar de publicación, distribución, etc Barcelona :
Nombre del editor, distribuidor, etc. Alfaguara,
Fecha de publicación, distribución, etc 1987
300 ## - DESCRIPCIÓN FÍSICA
Extensión 172 p. ;
Dimensiones 20 cm.
490 1# - MENCIÓN DE SERIES
Mención de serie Biblioteca juvenil
534 ## - NOTA SOBRE LA VERSIÓN ORIGINAL
Frase introductoria Título original:
Mención del título original The guardians
650 #4 - ENCABEZAMIENTO DE MATERIA--TEMÁTICO
Término temático o nombre geográfico como elemento de entrada LITERATURA INGLESA
Subdivisión cronológica SIGLO XX.
650 #4 - ENCABEZAMIENTO DE MATERIA--TEMÁTICO
Término temático o nombre geográfico como elemento de entrada NOVELA INGLESA
Subdivisión cronológica SIGLO XX.
700 1# - ASIENTO SECUNDARIO -- NOMBRE PERSONAL
Nombre personal Prometeo Moya, Anntonio
Mención de responsabilidad trad.
830 #0 - ASIENTO SECUNDARIO DE SERIE--TÍTULO UNIFORME
Título uniforme Biblioteca juvenil.
930 #1 - EQUIVALENCE OR CROSS-REFERENCE-UNIFORM TITLE HEADING [LOCAL, CANADA]
Language of a work BND01
Medium of performance for music LF1
Medium 823.914
Field link and sequence number 20090713
Date of a work 02
Name of part/section of a work CT
942 ## - ADDED ENTRY ELEMENTS (KOHA)
Source of classification or shelving scheme Dewey Decimal Classification
Koha item type Libros
945 ## - INFORMACIÓN DE PROCESAMIENTO LOCAL
Información de procesamiento local Inventariado, 2018/MFF
956 ## - LOCAL ELECTRONIC LOCATION AND ACCESS (OCLC)
Nombre de host CAPONTE
Número de acceso 10
Información de compresión 20090720
Inicio de sesión BND01
Procesador de solicitud 0812
956 ## - LOCAL ELECTRONIC LOCATION AND ACCESS (OCLC)
Nombre de host WBRITO
Número de acceso 10
Información de compresión 20090915
Inicio de sesión BND01
Procesador de solicitud 1928
956 ## - LOCAL ELECTRONIC LOCATION AND ACCESS (OCLC)
Nombre de host JPOLANCO
Número de acceso 30
Información de compresión 20090915
Inicio de sesión BND01
Procesador de solicitud 1936
956 ## - LOCAL ELECTRONIC LOCATION AND ACCESS (OCLC)
Nombre de host VMATEO
Número de acceso 10
Información de compresión 20151123
Inicio de sesión BPMSU
Procesador de solicitud 00151
Existencias
Withdrawn status Lost status Source of classification or shelving scheme Damaged status Not for loan Collection code Home library Current library Date acquired Source of acquisition Total Checkouts Full call number Barcode Date last seen Price effective from Koha item type
    Dewey Decimal Classification     Colección Juvenil General Biblioteca Pública Metropolitana Salomé Ureña Biblioteca Pública Metropolitana Salomé Ureña 11/23/2015 FUNDI   823.914 C556g, 1987 BPMSU15110432 11/23/2015 11/23/2015 Libros